000 00498nam a2200181Ia 4500
003 GCL
008 140319s9999 xx 000 0 eng d
040 _aGCL /
_cGCL
082 0 4 _a658.3124
_bM C
100 1 _aMEISTER, JEANNE C
245 1 0 _aCORPOATE QUALITY UNWERSITIES: LESSONS IN BUILDING A WORLD-CLASS WORK FORCE /
_cMEISTER, JEANNE C
260 _a[S.N] :
_bIRWIN ،
_c1994
300 _a255 P
650 0 4 _aUNITED STATES
650 0 4 _aEMPLOYEES
650 0 4 _aTRAINING
942 _2ddc
_cBK
999 _c23710
_d23710